[Event "ROM-ch U12"]
[Site "Calimanesti"]
[Date "2018.04.03"]
[Round "9"]
[White "Soare, Andrei"]
[Black "Pandelea, Andrei Alexandru"]
[Result "1/2-1/2"]
[WhiteElo "1142"]
[BlackElo "1260"]
[PlyCount "48"]
[EventDate "2018.03.27"]
[EventType "swiss"]
[EventRounds "9"]
[EventCountry "ROU"]
[SourceTitle "CBM 183 Extra"]
[Source "ChessBase"]
[SourceDate "2018.04.19"]
[SourceVersion "1"]
[SourceVersionDate "2018.04.19"]
[SourceQuality "1"]

1. e4 c5 2. d4 d5 3. exd5 Qxd5 4. Nf3 e6 5. c4 Qd8 6. d5 exd5 7. cxd5 Nf6 8. Nc3 Be7 9. Be2 0-0 10. 0-0 a6 11. a4 Bf5 12. Nh4 Be4 13. Nxe4 Nxe4 14. Nf5 Qd7 15. Nxe7+ Qxe7 16. Qb3 Rd8 17. f3 Nf6 18. Bc4 Rd7 19. Bg5 Qe5 20. Bxf6 Qxf6 21. Rfe1 Rd8 22. Kh1 b6 23. Re2 Nd7 24. Rae1 Qh6 1/2-1/2

[Event "ROM-ch U10"]
[Site "Baile Felix"]
[Date "2017.02.02"]
[Round "1"]
[White "Soare, Andrei"]
[Black "Lup, Constantin Ionel"]
[Result "0-1"]
[WhiteElo "1004"]
[BlackElo "1210"]
[PlyCount "79"]
[EventDate "2017.02.02"]
[EventType "swiss"]
[EventRounds "9"]
[EventCountry "ROU"]
[SourceTitle "CBM 176 Extra"]
[Source "ChessBase"]
[SourceDate "2017.03.02"]
[SourceVersion "1"]
[SourceVersionDate "2017.03.02"]
[SourceQuality "1"]

1. e4 c5 2. Nf3 g6 3. Bc4 Bg7 4. d3 Nc6 5. Be3 Bxb2 6. Nbd2 Bxa1 7. Qxa1 f6 8. Bxc5 d6 9. Be3 e5 10. a3 Nge7 11. Qa2 Qc7 12. 0-0 Bg4 13. Bf7+ Kd8 14. h3 Bxf3 15. Nxf3 b5 16. Bd2 Rb8 17. c3 a5 18. Qe6 Rf8 19. Rb1 Qd7 20. Qa2 g5 21. h4 h6 22. Be6 Qb7 23. Qb2 Kc7 24. d4 Ng6 25. d5 Na7 26. h5 Nf4 27. Bxf4 gxf4 28. Nd2 Qb6 29. Bg4 Rg8 30. Be2 Rg5 31. Nf3 Rg7 32. Kf1 Kd8 33. Nd2 Kd7 34. Nc4 Qc7 35. Nd2 Qd8 36. Qc2 Qg8 37. g4 fxg3 38. fxg3 Rxg3 39. Nf3 Rh3 40. Kf2 0-1